Compound Movies Quiz Stats

 Plays Quiz Updated Dec 28, 2015

Challenge
Share
Tweet
Embed
Score 0/25 Timer 07:00
2 Plays Today
Title (A) Compound Word % Correct
_____ Force One (1997)Airplane
98.8%
Men in _____ 3 (2012)Blackmail
92.3%
There Will Be _____ (2007)Bloodhound
91.3%
The Man with the Golden _____ (1974)Gunmetal
79.8%
Black Hawk _____ (2001)Downfall
78.1%
_____, Stock and Two Smoking Barrels (1998)Locksmith
78.1%
Children of the _____ (1984)Cornfield
77.3%
I _____ Huckabees (2004)Heartburn
75.3%
The Day _____ Tomorrow (2004)Afternoon
73.8%
Deep Blue _____ (1999)Seahorse
71.8%
The _____ and the Dead (1995)Quicksilver
70.5%
The Purple _____ of Cairo (1985)Rosebud
64.1%
_____ Girls (2004)Meanwhile
62.8%
Title (A) Compound Word % Correct
How to Train Your _____ (2010)Dragonfly
57.4%
Where Eagles _____ (1968)Daredevil
50.9%
It's a Wonderful _____ (1946)Lifelong
46.8%
_____ Street: Money Never Sleeps (2010)Wallpaper
43.4%
Fast Times at Ridgemont _____ (1982)Hightail
39.1%
Aguirre, Wrath of _____ (1972)Godfather
33.6%
Lady in the _____ (2006)Waterproof
22.5%
Ferris Bueller's Day _____ (1986)Offspring
22.5%
A _____ for All Seasons (1966)Mankind
22.4%
_____ of Africa (1985)Outtake
20.2%
_____ Royale (2000)Battleship
14.3%
The _____ Story (1999)Straightforward
8.6%

You're not logged in!

Compare scores with friends on all Sporcle quizzes.
Join for Free
OR
Log In

You Might Also Like...

Show Comments

Extras

Top Quizzes Today


Score Distribution

Your Account Isn't Verified!

In order to create a playlist on Sporcle, you need to verify the email address you used during registration. Go to your Sporcle Settings to finish the process.

Report this User

Report this user for behavior that violates our Community Guidelines.

Details: